00777nam a2200241 a 4500001001300000003000900013005001700022008004100039020000900080082001900089100004200108245003800150260004000188300000900228500003500237505004700272650002600319700004200345902000800387942000700395952011800402999001500520nice12345678IN_TiNIC20260116012908.0050524s1983 iraa grp 000 0 urd  ac1500a891.4391bSAH2 aSahab Hyderabadi, S Muzaffaruddin Kha aGulistan-E-Hamd-O-Naat-O-Munqabat aIranbIdara-I-Adabiyat-I-Urduc1983 a186p aincludes index and biblioraphy2 aFoot notes by Maulana Maulvi Ilahi Bakhsh. aUrdu-Poetry-religious1 aSahab Hyderabadi, S Muzaffaruddin Kha bSRS cBK 001040708StackRoom-aHMIbHMId2007-06-25g15.00l0o891.4391 SAH2p011741r2007-06-25v15.00w2005-05-24yBK c8791d8791